00246nam a22000977a 4500008004100000082001500041100000900056245002800065260003300093300002200126230531b xxu||||| |||| 00| 0 eng d a809.8bLES d2018 aProverbs of the Samburu aKenyabAura Publishersc2018 aiii, 226 pc21 cm